• 首页
  • 本馆介绍
  • 公告通知
  • 最新文献
  • 馆藏检索
  • 电子资源
  • 读者导购
  • 参考咨询
  • 我的图书馆
  • 登录
  • 详细信息显示
  • 放入我的书架
  • 预约/预借图书
  • 作者相关作品
  • 分类相关作品
  • 丛书相关作品
  • 出版社相关作品

书目信息

  • 表格格式
  • 工作单格式
  • 卡片格式
题名:
修理钳工必读
    
 
作者: ;天津市第一机械工业局 编
分册:  
出版信息: 天津   天津科学技术出版社  1981
页数: 428页
开本: 19cm
丛书名: 工人技术等级标准自学丛书
单 册:
中图分类: TG9
科图分类:
主题词: 机修钳工--技术教育--自学参考资料
电子资源:
ISBN:
000 00742nam2 2200253 45
001 0181000170
005 20060727083639.10
010    @dCNY0.93
091    @a15212.37
100    @a19950427d1981 em y0chiy0121 ea
101 0  @achi
102    @aCN@b120000
105    @ay z 000yy
200 10 @a修理钳工必读@Axiu li qian gong bi du@f天津市第一机械工业局主编
210    @a天津@c天津科学技术出版社@d1981
215    @a428页@d19cm
225 2  @a工人技术等级标准自学丛书
410  0 @120010@a工人技术等级标准自学丛书
606    @a机修钳工@x技术教育@x自学参考资料
690    @aTG9@v3
711 02 @a天津市第一机械工业局@Atian jin shi di yi ji xie gong ye ju@4编
801  2 @aCN@bNLC@c20060727
801  0 @aCN@bTSSF
905    @a10447@dTG9@e23
    
    修理钳工必读/天津市第一机械工业局主编.-天津:天津科学技术出版社,1981
    428页;19cm.-(工人技术等级标准自学丛书)
    
    
    ISBN :CNY0.93
    
●
相关链接 在E读中查询图书 在五车中查询图书 在当当中查询图书 在豆瓣中查询图书


正题名:修理钳工必读     索取号:TG9/23         预约/预借

序号 登录号 条形码 馆藏地/架位号 状态 备注
1 0438702   204387029   密集书库/ [索取号:TG9/23] 在馆    
唐山师范学院图书馆 欢迎您!
大连网信软件有限公司© 版权所有